• 首页
  • 本馆介绍
  • 公告通知
  • 最新文献
  • 馆藏检索
  • 电子资源
  • 读者导购
  • 参考咨询
  • 我的图书馆
  • 登录
  • 详细信息显示
  • 放入我的书架
  • 预约/预借图书
  • 作者相关作品
  • 分类相关作品
  • 丛书相关作品
  • 出版社相关作品

书目信息

  • 表格格式
  • 工作单格式
  • 卡片格式
题名:
发展战略管理研究
    
 
作者: 代明 著
分册:  
出版信息: 北京   经济日报出版社  2014
页数: 253页
开本: 24cm
丛书名:
单 册:
中图分类: F120.4
科图分类:
主题词: 中国经济--经济发展战略--研究
电子资源:
ISBN: 978-7-80257-602-5
000 01145nam0 2200253 450
001 337890
005 20150529083858.23
010    @a978-7-80257-602-5@dCNY48.00
100    @a20140805d2014 em y0chiy50 ea
101 0  @achi
102    @aCN@b110000
105    @aa z 000yy
106    @ar
200 1  @a发展战略管理研究@Afa zhan zhan lue guan li yan jiu@d= Researches on strategic management in economic & social development@f代明著@zeng
210    @a北京@c经济日报出版社@d2014
215    @a253页@c图@d24cm
300    @a经济日报学术文库 获广东产业发展与粤港澳台区域合作研究中心资助
330    @a本书将微观战略管理导入宏观发展统筹实务, 尝试建立可操作性的国家、区域、城市之经济和社会发展的战略管理框架, 以期拓展现代战略管理理论的应用面, 为政府改善发展管理工作提供参考。全书分为九部分, 主要内容包括: 发展战略管理概述、发展战略分析、发展战略制定、发展战略实施、发展战略评价等。
510 1  @aResearches on strategic management in economic & social development@zeng
606 0  @a中国经济@x经济发展战略@x研究
690    @aF120.4@v5
701  0 @a代明@Adai ming@c(经济学)@4著
801  0 @aCN@b卓展宏图@c20150525
905    @dF120.4@e254@f4
    
    发展战略管理研究= Researches on strategic management in economic & social development/代明著.-北京:经济日报出版社,2014
    253页:图;24cm
    经济日报学术文库 获广东产业发展与粤港澳台区域合作研究中心资助
    
    ISBN 978-7-80257-602-5:CNY48.00
    本书将微观战略管理导入宏观发展统筹实务, 尝试建立可操作性的国家、区域、城市之经济和社会发展的战略管理框架, 以期拓展现代战略管理理论的应用面, 为政府改善发展管理工作提供参考。全书分为九部分, 主要内容包括: 发展战略管理概述、发展战略分析、发展战略制定、发展战略实施、发展战略评价等。
●
相关链接 在E读中查询图书 在五车中查询图书 在当当中查询图书 在豆瓣中查询图书


正题名:发展战略管理研究     索取号:F120.4/254         预约/预借

序号 登录号 条形码 馆藏地/架位号 状态 备注
1 856580   208565809   第一样本阅览室/ [索取号:F120.4/254] 在馆    
2 856581   208565818   第一借阅区/ [索取号:F120.4/254] 在馆    
3 856582   208565827   第一借阅区/ [索取号:F120.4/254] 在馆    
4 856583   208565836   密集书库-海洋学院/ [索取号:F120.4/254] 在馆    
唐山师范学院图书馆 欢迎您!
大连网信软件有限公司© 版权所有